00899 a2200277 45000010006000000050017000060080041000230030015000640400040000790800076001192450053001950200022002482640052002703000018003220410008003401000030003487000030003787000023004087000027004317000030004587000019004887000041005077000028005487000024005767000021006006376420260407155937.0260407a1996 arg spa dAR-UNSa-BCEJYS aAR-UNSa-BCEJYSbspacAR-UNSa-BCEJYS a657.23xCompensaciones. Correcciones. Ajustes (devaluación monetaria)10aEl ajuste por inflación ante el decreto 316/95 a978-950-811-041-1 1aBuenos Aires :bEdiciones Nueva Técnicac1996 a50 p.c27 cm. aspa1 aChaves, Osvaldo Argentino1 aBasile, Dante Sebastián1 aDe Lellis, Ricardo1 aFowler Newton, Enrique1 aFronti de García, Luisa1 aOklander, Juan1 aPahlen Acuña, Ricardo Jose María1 aSánchez Brot, Luis E.1 aViegas, Juan Carlos1 aWainstein, Mario